000 00982cam a22002651i 4500
003 SA-RiAUC
005 20250822130114.0
008 250801s2011 xx g 000 0 ara c
020 _a9789953815466
040 _aSA-JeALM
_bara
_cSA-RiAUC
_erda
050 4 _b.J37 2007
082 0 4 _a214.61
_qSA-RiAUC
090 _a214.61
_bج ر ع
100 1 _aالجرعي، عبد الرحمن بن أحمد
_eمؤلف.
245 1 2 _aالفتاوى الطبية المعاصرة /
_cإعداد عبد الرحمن بن أحمد الجرعي.
250 _aالطبعة الأولى.
264 1 _a[مكان النشر غير محدد] :
_b[الناشر غير محدد]،
_c2012
300 _a275 صفحة ؛
_c24 سم
336 _aنص
_btxt
_2rdacontent
_3كتاب
337 _aبدون وسيط
_bn
_2rdamedia
338 _aمجلد
_bnc
_2rdacarrier
650 7 _aالإسلام والطب
_2aucsh
942 _2ddc
_cBOOK
_n0
949 _aSA-JeALM
_d250801
_umohamedma123
_n1
999 _c11020
_d11020